| 000 | 00382cam a2200133ua 4500 | ||
|---|---|---|---|
| 999 |
_c15884 _d15884 |
||
| 003 | OSt | ||
| 008 | 191022b ||||| |||| 00| 0 eng d | ||
| 082 |
_a894.8121 _bKUN/BH |
||
| 100 |
_aKunhukuttan, Thampuran . _94371 |
||
| 245 | _aBhashabharatham: Virata parvam / IIl | ||
| 260 |
_aThrissur : _bVallathole Printing and Publishing House , _c1954. |
||
| 300 | _a577 ; . | ||
| 942 | _cBK | ||